000 01320nam a22002535i 4500
001 161909
003 ES-MaACL
005 20230906212400.0
008 041028s1892 sp |||| | spa d
100 1 _aPerez Requeijo, Ramón.
_9131013
245 1 0 _aPolítica colonial entre las Antillas españolas y la Metrópoli, y medios de facilitar el desarrollo de su comercio y de su industria /
_c[Ramón Pérez Requeijo y Manuel Ortiz Pinedo].
260 _aMadrid :
_b[s.n.],
_c1892 (
_fEstab. Tip. de "El Liberal")
300 _a13 p., [1] h. ;
_c24 cm.
594 _aAutores tomado de fin de texto.
594 _aPrecede al tít.: "Círculo de la Unión Mercantil e Industrial. Congreso Mercantil Hispano-americano-portugués. Ponencia. Tema 6º"
651 4 _aEspaña-
_xComercio exterior-
_zCuba.
_9170190
651 4 _aCuba-
_xComercio exterior-
_zEspaña.
_9153709
651 4 _aEspaña-
_xComercio exterior-
_zPuerto Rico.
_9170191
651 4 _aPuerto Rico-
_xComercio exterior-
_zEspaña.
_9153710
700 1 _aOrtíz de Pinedo, Manuel.
_987604
710 2 _aCírculo de la Unión Mercantil e Industrial (Madrid)
_92827
711 2 _aCongreso Mercantil Hispano-Americano-Portugués (
_d1892.
_cMadrid)
_9502
852 _aES-MaACL
_jT-804-F-7
_z- Enc. hol., conservando cub. original
_z- Enc. en un vol. facticio
999 _c161909
_d161909